Statistiques concernant 20 pays manquants sur une carte

Cliquez ici pour prendre le quiz!

Statistiques générales

  • Ce quiz a été pris 2 379 fois
  • Le résultat moyen est 13 sur 20

Réponses sur la Carte

Les réponses sont colorées sur une échelle allant du rouge au vert en fonction du pourcentage des utilisateurs qui les ont devinées à leur premier essai. Vous pouvez retrouver ces pourcentages ci-dessous.
 

Statistiques - réponses

Pays% Correct
Algérie
100%
Biélorussie
100%
Brésil
100%
Canada
100%
États-Unis
100%
France
100%
Mexique
100%
Arabie Saoudite
97%
Argentine
97%
Australie
97%
Libye
97%
Russie
97%
Allemagne
96%
Tchad
96%
Pérou
95%
Afrique du Sud
94%
Égypte
94%
Chine
93%
Suisse
93%
Paraguay
92%
Ukraine
92%
Autriche
91%
Mali
91%
Inde
90%
Kazakhstan
90%
Pologne
90%
Bolivie
89%
Norvège
89%
Roumanie
89%
Slovaquie
89%
République Tchèque
88%
Soudan
88%
Colombie
87%
Italie
87%
Moldavie
87%
Mongolie
87%
Indonésie
86%
Serbie
86%
Venezuela
86%
Espagne
85%
Éthiopie
85%
Panama
85%
République Démocratique du Congo
84%
Mauritanie
83%
Pakistan
83%
Tanzanie
83%
Guyana
81%
Népal
81%
Ouzbékistan
81%
Sénégal
81%
Turquie
81%
Nouvelle-Zélande
80%
Tunisie
80%
Maroc
79%
Niger
79%
Royaume-Uni
79%
Suède
79%
Yémen
79%
Iran
78%
Uruguay
78%
Côte d'Ivoire
77%
Namibie
77%
Zimbabwe
77%
Afghanistan
76%
Croatie
76%
Guatemala
76%
Burkina Faso
75%
Danemark
74%
Finlande
74%
Hongrie
74%
Portugal
74%
Soudan du Sud
74%
Angola
73%
Bulgarie
73%
Équateur
73%
Suriname
73%
Togo
73%
Irak
72%
République Centrafricaine
72%
Bénin
71%
Ghana
71%
Lesotho
71%
Lettonie
71%
Birmanie
70%
Chili
70%
Nicaragua
70%
Belgique
68%
Costa Rica
68%
République du Congo
68%
Bosnie-Herzégovine
67%
Corée du Sud
67%
Guinée
67%
Mozambique
67%
Nigeria
67%
Bhoutan
66%
Corée du Nord
66%
Kenya
65%
Oman
64%
Zambie
64%
Cameroun
63%
Japon
62%
Eswatini
61%
Guinée-Bissau
60%
Jordanie
60%
Slovénie
60%
États Fédérés de Micronésie
59%
Turkménistan
59%
Taïwan
58%
Viêt Nam
57%
Kosovo
56%
Lituanie
56%
Kirghizistan
55%
Laos
55%
Ouganda
55%
Cuba
54%
Grèce
54%
Syrie
54%
Thaïlande
54%
Arménie
52%
Érythrée
52%
Géorgie
52%
Honduras
52%
Sierra Leone
52%
Sri Lanka
52%
Philippines
51%
Estonie
50%
Macédoine du Nord
50%
Maurice
50%
Pays-Bas
50%
Bangladesh
48%
Israël
48%
Botswana
47%
Cambodge
47%
Madagascar
47%
Gabon
45%
Bahamas
44%
Papouasie-Nouvelle-Guinée
44%
Malaisie
43%
Irlande
42%
Tadjikistan
42%
Comores
41%
Émirats Arabes Unis
40%
Rwanda
40%
Seychelles
40%
Cap-Vert
39%
Jamaïque
39%
Burundi
38%
Djibouti
38%
Gambie
38%
Haïti
38%
Liberia
38%
Maldives
38%
République Dominicaine
38%
Tuvalu
38%
Malte
37%
Kiribati
36%
Somalie
36%
Azerbaïdjan
33%
Luxembourg
33%
Monténégro
33%
Îles Salomon
32%
Chypre
29%
Malawi
28%
Palaos
28%
Qatar
28%
Nauru
27%
Samoa
27%
Tonga
27%
Fidji
25%
Sao Tomé-et-Principe
25%
Guinée Équatoriale
24%
Albanie
22%
Islande
21%
Koweït
21%
Salvador
21%
Vanuatu
15%
Belize
14%
Trinité-et-Tobago
14%
Îles Marshall
12%
Liban
11%
Timor Oriental
9%

Distribution des résultats

Percentile par nombre de réponses

% des personnes avec chaque résultat

Votre développement - résultats

Vous n’avez pas pris ce quiz